000 00348nam a2200121Ia 4500
008 200626s9999 xx 000 0 und d
020 _a978-1-4354-0036-8
100 _aAinsworth, Mark
245 _cMark Ainsworth.--
_aFish and seafood/
260 _aNew York:
_bDelmar
_c2009
300 _axvi, 351 pages
500 _aIncludes Bibliography and Index
999 _c363845
_d363845